<?xml version="1.0" encoding="UTF-8"?>
<record
    xmlns:xsi="http://www.w3.org/2001/XMLSchema-instance"
    xsi:schemaLocation="http://www.loc.gov/MARC21/slim http://www.loc.gov/standards/marcxml/schema/MARC21slim.xsd"
    xmlns="http://www.loc.gov/MARC21/slim">

  <leader>01746nam a22002897a 4500</leader>
  <datafield tag="999" ind1=" " ind2=" ">
    <subfield code="c">315</subfield>
    <subfield code="d">315</subfield>
  </datafield>
  <controlfield tag="003">OSt</controlfield>
  <controlfield tag="005">20190422200105.0</controlfield>
  <controlfield tag="008">160301b        xxu||||| |||| 00| 0 esp d</controlfield>
  <datafield tag="040" ind1=" " ind2=" ">
    <subfield code="c">DO-SdBHA</subfield>
    <subfield code="a">DO-SdBHA</subfield>
    <subfield code="b">spa</subfield>
  </datafield>
  <datafield tag="090" ind1=" " ind2=" ">
    <subfield code="a">TG EGES</subfield>
    <subfield code="b">00304 2010</subfield>
  </datafield>
  <datafield tag="100" ind1="1" ind2=" ">
    <subfield code="a">Cruz Amezquita, Francisco</subfield>
    <subfield code="e">sustentante</subfield>
  </datafield>
  <datafield tag="245" ind1="1" ind2="0">
    <subfield code="a">Propuesta de elaboraci&#xF3;n de un Plan de Operaciones para el Control Fronterizo: 2005-2010 / </subfield>
    <subfield code="c">Francisco Cruz Amezquita; Antonio Toribio Castro, asesores Milton Fr&#xED;as G&#xF3;mez, Fanny Torres </subfield>
  </datafield>
  <datafield tag="260" ind1=" " ind2=" ">
    <subfield code="a">Santo Domingo :</subfield>
    <subfield code="b">INSUDE, </subfield>
    <subfield code="c">2010</subfield>
  </datafield>
  <datafield tag="300" ind1=" " ind2=" ">
    <subfield code="a">96 hojas</subfield>
  </datafield>
  <datafield tag="502" ind1=" " ind2=" ">
    <subfield code="a">Tesis (Especialidad en Comando y Estado Mayor Conjunto). --  Instituto Superior para la Defensa (INSUDE). Escuela de Graduados de Educaci&#xF3;n Superior &#x201C;General Juan Pablo Duarte y D&#xED;ez&#x201D;, 2010.</subfield>
  </datafield>
  <datafield tag="504" ind1=" " ind2=" ">
    <subfield code="a">Incluye referencias bibliogr&#xE1;ficas e &#xED;ndices</subfield>
  </datafield>
  <datafield tag="505" ind1=" " ind2=" ">
    <subfield code="a">Las fronteras. -- Problemas mas frecuentes de la franja fronteriza. -- Planificaci&#xF3;n estrat&#xE9;gica y operaciones conjunta.   Principales amenazas identificadas en la frontera dominico-haitiana.  -- Iniciativas orientadas hacia el control y seguridad de la frontera. -- Recursos log&#xED;sticos con que se cuenta en la frontera.  -- Control de la frontera 
</subfield>
  </datafield>
  <datafield tag="650" ind1=" " ind2="4">
    <subfield code="a">Frontera -- Rep&#xFA;blica Dominicana -- Control -- Hait&#xED;</subfield>
  </datafield>
  <datafield tag="650" ind1=" " ind2="4">
    <subfield code="a">Seguridad Frontera Dominico -- Haitiano</subfield>
  </datafield>
  <datafield tag="650" ind1=" " ind2="4">
    <subfield code="a">Migraci&#xF3;n, narcotr&#xE1;fico</subfield>
  </datafield>
  <datafield tag="650" ind1=" " ind2="4">
    <subfield code="a">Trata de personas-tr&#xE1;fico ilegal de mercanc&#xED;as</subfield>
  </datafield>
  <datafield tag="700" ind1="1" ind2=" ">
    <subfield code="a">Toribio Castro, Antonio </subfield>
    <subfield code="e">sustentante</subfield>
  </datafield>
  <datafield tag="700" ind1="1" ind2=" ">
    <subfield code="a">Fr&#xED;as G&#xF3;mez, Milton </subfield>
    <subfield code="e">asesor</subfield>
  </datafield>
  <datafield tag="700" ind1="1" ind2=" ">
    <subfield code="a">Torres, Fanny </subfield>
    <subfield code="e">asesor</subfield>
  </datafield>
  <datafield tag="830" ind1=" " ind2=" ">
    <subfield code="a">INSUDE. Escuela de Graduados de Educaci&#xF3;n Superior &#x201C;General Juan Pablo Duarte y D&#xED;ez&#x201D;. Tesis y disertaciones acad&#xE9;micas</subfield>
  </datafield>
  <datafield tag="942" ind1=" " ind2=" ">
    <subfield code="2">CL</subfield>
    <subfield code="c">T</subfield>
  </datafield>
  <datafield tag="952" ind1=" " ind2=" ">
    <subfield code="0">0</subfield>
    <subfield code="1">0</subfield>
    <subfield code="2">CL</subfield>
    <subfield code="4">0</subfield>
    <subfield code="7">1</subfield>
    <subfield code="8">TG</subfield>
    <subfield code="a">BJHA</subfield>
    <subfield code="b">BJHA</subfield>
    <subfield code="d">2016-03-01</subfield>
    <subfield code="i">10-00304</subfield>
    <subfield code="l">0</subfield>
    <subfield code="o">TG EGES 00304 2010</subfield>
    <subfield code="p">10-00304</subfield>
    <subfield code="r">2018-10-06 00:00:00</subfield>
    <subfield code="t">e.1</subfield>
    <subfield code="w">2016-03-01</subfield>
    <subfield code="y">T</subfield>
  </datafield>
  <datafield tag="952" ind1=" " ind2=" ">
    <subfield code="0">0</subfield>
    <subfield code="1">0</subfield>
    <subfield code="2">CL</subfield>
    <subfield code="4">0</subfield>
    <subfield code="7">1</subfield>
    <subfield code="8">TG</subfield>
    <subfield code="a">BJHA</subfield>
    <subfield code="b">BJHA</subfield>
    <subfield code="d">2016-03-01</subfield>
    <subfield code="i">10-00305</subfield>
    <subfield code="l">0</subfield>
    <subfield code="o">TG EGES 00304 2010</subfield>
    <subfield code="p">10-00305</subfield>
    <subfield code="r">2018-10-06 00:00:00</subfield>
    <subfield code="t">e.2</subfield>
    <subfield code="w">2016-03-01</subfield>
    <subfield code="y">T</subfield>
  </datafield>
</record>
